TH-BS-Genetic contribution of putative candidate gene pad14 polymorphism to the development of rheumatoid arthritis (Record no. 17266)

000 -LEADER
fixed length control field 00346nam a22000977a 4500
008 - FIXED-LENGTH DATA ELEMENTS--GENERAL INFORMATION
fixed length control field 150618t xxu||||| |||| 00| 0 eng d
100 ## - MAIN ENTRY--PERSONAL NAME
Personal name Aamina batool-sup-Dr. Muhammad Ashraf
9 (RLIN) 997
245 ## - TITLE STATEMENT
Title TH-BS-Genetic contribution of putative candidate gene pad14 polymorphism to the development of rheumatoid arthritis
Medium Thesis
300 ## - PHYSICAL DESCRIPTION
Extent 70
942 ## - ADDED ENTRY ELEMENTS (KOHA)
Source of classification or shelving scheme
Koha item type Continuing Resources
Holdings
Withdrawn status Lost status Source of classification or shelving scheme Damaged status Not for loan Permanent Location Current Location Date acquired Total Checkouts Full call number Barcode Date last seen Price effective from Koha item type
          Atta-ur-Rahman School of Applied Biosciences (ASAB) Atta-ur-Rahman School of Applied Biosciences (ASAB) 06/19/2015   Thesis Aamina Batool 2013 ASABBS1-13 02/22/2017 06/19/2015 Thesis
© 2023 Central Library, National University of Sciences and Technology. All Rights Reserved.